Normal view MARC view
  • Russell E. Lueg

Entry Personal Name

Number of records used in: 1

001 - CONTROL NUMBER

  • control field: 103637

003 - CONTROL NUMBER IDENTIFIER

  • control field: NUST

005 - DATE AND TIME OF LATEST TRANSACTION

  • control field: 20221125152002.0

008 - FIXED-LENGTH DATA ELEMENTS

  • fixed length control field: 221125|| aca||aabn | a|a d

040 ## - CATALOGING SOURCE

  • Original cataloging agency: NUST
  • Transcribing agency: NUST

100 ## - HEADING--PERSONAL NAME

  • Personal name: Russell E. Lueg

670 ## - SOURCE DATA FOUND

  • Source citation: Work cat.: (NUST)180069: Russell E. Lueg, Basic electric circuits for engineers /, 1967
© 2023 Central Library, National University of Sciences and Technology. All Rights Reserved.